000 00544nam a22001817a 4500
003 LK-CoDNM
005 20240410114851.0
008 240410b |||||||| |||| 00| 0 eng d
020 _a955570354
040 _aLK-CoDNM
_dLK-CoDNM
_eLK-CoDNM
041 _asin
080 _aX92
_bBEL
100 _aබෙලිගල්ල,විජේසිංහ
245 _aලෙනාරුඩ් වුල්ෆ් ගේ මහනුවර භූමිකාව
260 _aColombo
_bSamayawardana Publisher
300 _a184p,21cm
942 _cBK
999 _c145587
_d145587